MARC details
| 000 -CABECERA |
| campo de control de longitud fija |
02889nam a2200313 4500 |
| 003 - IDENTIFICADOR DEL NÚMERO DE CONTROL |
| campo de control |
EC-UNACH |
| 005 - FECHA Y HORA DE LA ÚLTIMA TRANSACCIÓN |
| campo de control |
20250925141655.0 |
| 006 - CÓDIGOS DE INFORMACIÓN DE LONGITUD FIJA--CARACTERÍSTICAS DEL MATERIAL ADICIONAL |
| campo de control de longitud fija |
s||||gr|||| 00| 00 |
| 008 - DATOS DE LONGITUD FIJA--INFORMACIÓN GENERAL |
| campo de control de longitud fija |
150116t9999 mx r gr 000 0 spa d |
| 020 ## - NÚMERO INTERNACIONAL ESTÁNDAR DEL LIBRO |
| Número Internacional Estándar del Libro |
109701049144 |
| 040 ## - FUENTE DE LA CATALOGACIÓN |
| Centro catalogador/agencia de origen |
EC-UNACH |
| Centro/agencia transcriptor |
EC-UNACH |
| 041 ## - CÓDIGO DE LENGUA |
| Código de lengua del texto/banda sonora o título independiente |
spa |
| 082 04 - NÚMERO DE LA CLASIFICACIÓN DECIMAL DEWEY |
| Número de edición |
23 |
| Número de clasificación |
610.73 |
| Número de documento/Ítem |
L001338 |
| 110 ## - ENTRADA PRINCIPAL--NOMBRE DE ENTIDAD CORPORATIVA |
| Nombre de entidad corporativa o nombre de jurisdicción como elemento de entrada |
McGraw-Hill Interamericana Editores S.A |
| 245 ## - MENCIÓN DE TÍTULO |
| Título |
Administración de los servicios de enfermería |
| 250 ## - MENCIÓN DE EDICIÓN |
| Mención de edición |
Cuarta Edición |
| 264 ## - Producción, publicación, distribución, fabricación y copyright |
| Lugar de producción, publicación, distribución, fabricación |
México - DF |
| Nombre del de productor, editor, distribuidor, fabricante |
McGraw-Hill |
| Fecha de de producción, publicación, distribución, fabricación o copyright |
2007 |
| 300 ## - DESCRIPCIÓN FÍSICA |
| Extensión |
362 páginas |
| Otras características físicas |
Figuras |
| Dimensiones |
15,5 x 23 cm |
| 505 ## - NOTA DE CONTENIDO CON FORMATO |
| Nota de contenido con formato |
1. TEORÍA GENERAL DE LA ADMINISTRACIÓN -- ADMINISTRACIÓN EMPÍRICA -- El hombre primitivo -- Sociedades egipcias -- Sociedades hebreas -- Aportaciones de los filósofos<br/>El cristianismo -- La organización militar -- La Revolución Industrial -- LA ADMINISTRACIÓN EN MÉXICO -- PERIODO DE LA ADMINISTRACIÓN CLÁSICA -- Teoría clásica de Henry Fayol<br/>Administración científica de Taylor -- PERIODO NEOCLÁSICO DE LA ADMINISTRACIÓN<br/>Teóricos sobresalientes -- Henry Laurence Gantt.-- Frank Gilbreth -- TEORÍAS CONTEMPORÁNEAS DE ADMINISTRACIÓN -- Modelo burocrático de organización -- Teoría estructuralista -- Teoría del comportamiento o conductismo<br/>Teoría del desarrollo organizacional -- Desarrollo organizacional -- Concepto de desarrollo organizacional -- Conceptos filosóficos del desarrollo organizacional<br/>Teoría de sistemas -- Teoría de la toma de decisiones -- Teoría de las contingencias<br/>Administración de calidad -- Actitudes de las personas en las organizaciones<br/>-- Otras tendencias -- Administración por conocimientos de Drucker -- Organizaciones federales -- Teoría del trébol -- Reingeniería -- Gerencia de procesos -- VARIABLES DE ESTUDIO DE LA ADMINISTRACIÓN -- Estructura de organización -- La organización científica -- División del trabajo -- Productividad -- Ambiente -- Tecnología -- Tipos de tecnología -- PRINCIPIOS FILOSÓFICOS DE LA ADMINISTRACIÓN -- Las organizaciones humanas -- Los objetivos y necesidades de las personas -- La productividad -- Filosofía de la administración -- OBJETIVOS ORGANIZACIONALES -- Importancia de los objetivos organizacionales<br/>Tipos de objetivos -- Objetivos de servicio -- Objetivos sociales -- Objetivos económicos<br/>CARACTERÍSTICAS DE LA ADMINISTRACIÓN – Universalidad – Especificidad -- Unidad temporal -- Unidad jerárquica -- CAMPOS DE ACCIÓN DE LA ADMINISTRACIÓN -- LA ADMINISTRACIÓN. |
| 650 ## - PUNTO DE ACCESO ADICIONAL DE MATERIA--TÉRMINO DE MATERIA |
| Término de materia o nombre geográfico como elemento inicial |
LA PRODUCTIVIDAD |
| 650 ## - PUNTO DE ACCESO ADICIONAL DE MATERIA--TÉRMINO DE MATERIA |
| 9 (RLIN) |
LAS ORGANIZACIONES HUMANAS |
| 650 ## - PUNTO DE ACCESO ADICIONAL DE MATERIA--TÉRMINO DE MATERIA |
| Término de materia o nombre geográfico como elemento inicial |
FILOSOFÍA DE LA ADMINISTRACIÓN |
| 650 ## - PUNTO DE ACCESO ADICIONAL DE MATERIA--TÉRMINO DE MATERIA |
| Término de materia o nombre geográfico como elemento inicial |
PRINCIPIOS FILOSÓFICOS DE LA ADMINISTRACIÓN |
| 700 ## - PUNTO DE ACCESO ADICIONAL--NOMBRE DE PERSONA |
| Nombre de persona |
Balderas Pedrero, Má. de la Luz |
| 942 ## - ELEMENTOS DE PUNTO DE ACCESO ADICIONAL (KOHA) |
| Fuente del sistema de clasificación o colocación |
Clasificación Decimal Dewey |
| Tipo de ítem Koha |
Libros |
| 999 ## - NÚMEROS DE CONTROL DE SISTEMA (KOHA) |
| Koha biblionumber |
13902 |